Effect of over-exploitation on physio-biochemical aspects of yield in rubber (Hevea brasiliensis) (Record no. 58011)

MARC details
000 -LEADER
fixed length control field 00548nam a2200169Ia 4500
100 ## - MAIN ENTRY--AUTHOR NAME
Personal name Das&bG
245 #0 - TITLE STATEMENT
Title Effect of over-exploitation on physio-biochemical aspects of yield in rubber (Hevea brasiliensis)
260 ## - PUBLICATION, DISTRIBUTION, ETC. (IMPRINT)
Name of publisher In: National Symposium on Current Trends in Plant Physiology and Plant Biochemistry, January 29-31, 1998, pp. 156
Year of publication 1998
700 ## - ADDED ENTRY--PERSONAL NAME
Personal name Alam B
700 ## - ADDED ENTRY--PERSONAL NAME
Personal name Dey S K
700 ## - ADDED ENTRY--PERSONAL NAME
Personal name Raj S
700 ## - ADDED ENTRY--PERSONAL NAME
Personal name Sen-Mandi S
700 ## - ADDED ENTRY--PERSONAL NAME
Personal name Sethuraj M R
856 ## - ELECTRONIC LOCATION AND ACCESS
Uniform Resource Identifier Reprt
942 ## - ADDED ENTRY ELEMENTS (KOHA)
Koha item type Journals
Holdings
Withdrawn status Lost status Damaged status Not for loan Home library Current library Shelving location Date acquired Koha item type
      Journals RRII Library RRII Library Physiology 17/12/2021 Journals